Studien zum antiken Sudan : Akten der 7. internationalen Tagung für meroitische Forschungen vom 14. bis 19. September 1992 in Gosen/bei Berlin /

محفوظ في:

مؤلف مشترك: International Conference for Meroitic Studies Gosen, Brandenburg, Germany).

مؤلفون آخرون: Wenig, Steffen.

التنسيق: وقائع المؤتمر كتاب

اللغة: English
German
Italian
French

منشور في: Wiesbaden : Harrassowitz, 1999.

سلاسل: Meroitica ; 15.

الموضوعات:

الوسوم: إضافة وسم

لا توجد وسوم, كن أول من يضع وسما على هذه التسجيلة!

رقم الطلب: DT159.6 .M44 v.15

LEADER 01118nam a22003017a 4500
003 OSt
005 20260419102707.0
008 260419t1999 gw a b 100 0 eng d
010 |a 99521084 
020 |a 3447041390 
040 |c ARCE Library 
041 0 |a eng  |a ger  |a ita  |a fre 
043 |a f-sj---  |a f-ua--- 
050 1 4 |a DT159.6  |b .M44 v.15 
111 2 |a International Conference for Meroitic Studies  |n (7th :  |d 1992 :  |c Gosen, Brandenburg, Germany). 
245 1 0 |a Studien zum antiken Sudan :   |b Akten der 7. internationalen Tagung für meroitische Forschungen vom 14. bis 19. September 1992 in Gosen/bei Berlin /   |c herausgegeben von Steffen Wenig. 
264 1 |a Wiesbaden :   |b Harrassowitz,   |c 1999. 
300 |a xvi, 725 pages :   |b illustrations ;   |c 25 cm. 
490 1 |a Meroitica ;   |v 15. 
504 |a Includes bibliographical references. 
546 |a English, German, Italian or French. 
651 0 |a Meroe (Extinct city)  |v Congresses. 
651 0 |a Nubia  |x Civilization  |v Congresses. 
700 1 |a Wenig, Steffen.  |9 42070 
830 0 |a Meroitica ;   |v 15. 
901 |a reviewed 
942 |c BK  |2 lcc 
999 |c 16673  |d 16673